1226 1611 1706 1454 1531 1577 1659 1503 1130 1526 1505 1093 1279 1311 1128 1523 1824 1625 1958 1003 1649 1526 1505 1613 1204 1598 1858 1298 1402 1403 1442 1885 1059 1795 1589 1505 1379 1546 1060 1518 1297 1975 1808 1290 1882 1739 1620 1589 1134 1696 1182 1961 1232 1445 1664 1558 1078 1115 1805 1096 1098 1008 1459 1397 1981 1316 1295 1724 1783 1821 1131 1408 1912 1097 1929 1402 1028 1745 1007 1081 1236 1151 1675 1059 1044 1905 1259 1387 1836 1886 1677 1791 1698 1193 1679 1694 1673 1448 1722 BCNSPRNW ULIB Ver.6.0+V

เปลี่ยนเป็นภาษาไทย

Change to English
 แสดงรายละเอียดบรรณานุกรม
  กลับหน้าหลัก

Brief Record : Get Marc (ISO 2709) : E-mail record : QR code < ปิดหน้าต่าง
LEADER : 00000nam 2200000uu 4500
001    13399128608
003     ULIB
008    230919s||||||||th 000 0 tha d
020 ^  ^a9786164880825
060 0  ^aWY32^bน645ก
100 0  ^aนิรมัย พิศแข มั่นจิตร.
245 1  ^aกฎหมายว่าด้วยสิทธิของผู้ป่วยและการจัดทำบริการทางด้านสุขภาพ /^cนิรมัย พิศแข มั่นจิตร.
250 ^  ^aพิมพ์ครั้งที่ 2 แก้ไขเพิ่มเติม.
260 ^  ^aกรุงเทพฯ :^bโครงการตำราและเอกสารประกอบการสอน คณะนิติศาสตร์ มหาวิทยาลัยธรรมศาสตร์,^c2563.
300 ^  ^a330 หน้า ;^c26 ซม.
505 2  ^aข้อความคิดทั่วไปว่าด้วยสิทธิในสุขภาพ -- สิทธิของผู้ป่วยก่อนเข้ารับบริการด้านสุขภาพ -- สิทธิของผู้ป่วยในระหว่างและหลังรับบริการด้านสุขภาพ -- การจัดทำบริการทางด้านสุขภาพ : ภารกิจในฐานะผู้ให้บริการ -- นโยบายและการจัดทำบริการสาธารณะทางด้านสุขภาพ -- หลักการพื้นฐานในการจัดทำบริการสาธารณะด้านสุขภาพ -- หน่วยงานสำคัญภาครัฐที่จัดทำบริการสาธารณะด้านสุขภาพ : ภารกิจของรัฐในฐานะผู้ให้บริการหลัก -- หน่วยงานสำคัญภาคเอกชนที่จัดทำบริการด้านสุขภาพ : ภารกิจของเอกชนในฐานะผู้ให้บริการเสริม -- หน่วยงานสำคัญที่มีภารกิจด้านการควบคุมและตรวจสอบ : องค์กรวิชาชีพด้านสุขภาพ.
650 ^  ^aบริการทางการแพทย์^xกฎหมายและระเบียบข้อบังคับ^zไทย.
650 ^  ^aกฎหมายสาธารณสุข^zไทย.
650 ^  ^aสิทธิผู้ป่วย^zไทย.
650 ^  ^aสิทธิการรักษาพยาบาล.
695 ^  ^aHumanities and Social Sciences.
710 2  ^aมหาวิทยาลัยธรรมศาสตร์.^bคณะนิติศาสตร์. โครงการตำราและเอกสารประกอบการสอน.
945    ^p350^l0^i29845
945    ^p350^l0^i29846
999    ^aกัณชพร จุลอักษร
รายการนี้ยังไม่มีแท็ก
คุณยังไม่ได้ล็อกอิน คุณสามารถมีกิจกรรมร่วมกับเว็บไซต์ได้ แต่ต้องล็อกอินก่อน ::
  ล็อกอิน

รายการสื่อสารสนเทศ

ลำดับที่ ประเภท เลขเรียก/บาร์โค้ด สถานที่ สถานะ
1. หนังสือสำรอง
หนังสือสำรอง
WY32 น645ก ฉ.1 
  Barcode: 29845
ห้องสมุดวิทยาเขตนครสวรรค์
►หนังสือทั่วไป:l:General Books
บนชั้น
2. วิทยาศาสตร์การแพทย์ และสุขภาพ
วิทยาศาสตร์การแพทย์ และสุขภาพ
WY32 น645ก ฉ.2 
  Barcode: 29846
ห้องสมุดวิทยาเขตนครสวรรค์
►หนังสือทั่วไป:l:General Books
บนชั้น

รายการใกล้เคียง
    ผู้แต่ง [นิรมัย พิศแข มั่นจิตร.]

    หัวเรื่อง [สิทธิการรักษาพยาบาล.]

BibComment


ยังไม่เคยถูกคอมเมนท์

คอมเมนท์ทรัพยากรรายการนี้
  คอมเมนท์: กฎหมายว่าด้วยสิท..


 Copyright 2026. Bcnsprnw @Library